Statistiques concernant Les villes les plus peuplée de Flandre

Cliquez ici pour prendre le quiz!

Statistiques générales

  • Ce quiz a été pris 59 fois
  • Le résultat moyen est 6 sur 12

Statistiques - réponses

PopulationVilles% Correct
527 763Anvers
91%
118 536Bruges
87%
263 614Gand
80%
71 561Ostende
58%
77 076Courtrai
53%
102 126Louvain
49%
78 619Hasselt
47%
86 718Malines
44%
66 349Genk
42%
87 204Alost
33%
78 580Saint-Nicolas
29%
63 402Roulers
25%

Distribution des résultats

Percentile par nombre de réponses

% des personnes avec chaque résultat

Votre développement - résultats

Vous n’avez pas pris ce quiz